Statistics for Bordering Countries Whose Capitals Are Closest Together

Click here to take the quiz!

General Stats

  • This quiz has been taken 57 times
  • The average score is 18 of 27

Answer Stats

Country% Correct
Austria
91%
Slovakia
91%
Democratic Republic of the Congo
88%
Republic of the Congo
88%
Belgium
86%
Italy
86%
Netherlands
86%
Vatican City
86%
Croatia
65%
Slovenia
63%
Gambia
60%
Guinea
60%
Guinea-Bissau
60%
North Macedonia
60%
Senegal
60%
Sierra Leone
60%
Israel
58%
Lebanon
58%
Syria
58%
Albania
56%
Jordan
56%
Liechtenstein
56%
Switzerland
56%
Benin
51%
Togo
51%
Armenia
44%
Georgia
44%

Score Distribution

Percentile by Number Answered

Percent of People with Each Score

Your Score History

You have not taken this quiz